00418nam a2200145Ia 4500008004100000020001500041041001200056082001600068100001800084245010100102260003500203300000900238650000700247700001800254221030s9999 xx 000 0 und d a8121911427 aEnglish a105.23bThe aB. L. Theraja 2aA Text Book of Electrical Technology Vol. II - AC & DC Machinescby B. L. Theraja, A. K. Theraja bS. Chand & CoaNew Delhic2001 a1327 aEE aA. K. Theraja